Szczegóły MARC21

Polska z dzieckiem na rowerze /

003 -Nazwa inst., której nr kontr. jest w polu 001 [,]
    • @
    • Nazwa instytucji, której n kontrolny jest w polu 001
    • NUKAT
005 -DATA I CZAS OSTATNIEJ MODYFIKACJI [,]
    • @
    • pole kontrolne
    • 20241231102600.0
020 -Międzynarod. znormalizowany nr książki - ISBN [ , ]
    • a
    • Numer ISBN
    • 9788376429823 Find
040 -Instytucja sporządzająca opis [ , ]
    • a
    • Instytucja, która sporządziła opis (NP)
    • WA M/LA
    • b
    • Język katalogowania
    • pol
    • e
    • Zasady katalogowania
    • rda
    • c
    • Instytucja, która sporządziła rekord (NP)
    • WA M/LA
    • d
    • Instytucja, która zmodyfikowała rekord (P)
    • WA M/LS
    • d
    • Instytucja, która zmodyfikowała rekord (P)
    • SZCZ U/ABs
942 -Rodzaj dokumentu [ , ]
    • c
    • Rodzaj dokumentu
    • Książka
100 -Hasło główne - nazwa osobowa [1, ]
    • a
    • Nazwa osobowa (NP)
    • Sordyl, Maciej.
    • e
    • Rodzaj współpracy
    • Autor
    • 9
    • KHW
    • 469543
245 -Strefa tytułu i oznaczenia odpowiedzialności [1,0]
    • a
    • Tytuł
    • Polska z dzieckiem na rowerze / Find
    • c
    • Pozostałe elementy strefy tytułu i oznaczenia odpowiedzialności (NP)
    • [autorzy: Maciej Sordyl, Marek Kamm, Marek Więch, Rafał Buczek, Bartłomiej Pytel, Tomasz Pytel, Barbara Zygmańska, Tomasz Procajło, Agnieszka Zakrzewska, Marek Świecz, Miłosz Kędracki, Piotr Albrecht, Aleksander Buczyński].
260 -Strefa adresu wydawniczego [ , ]
    • a
    • Miejsce wydania (P)
    • Bielsko-Biała :
    • b
    • Nazwa wydawcy (P)
    • Wydawnictwo Pascal,
    • c
    • Data wydania (P)
    • 2017.
300 -Strefa opisu fizycznego [ , ]
    • a
    • Określenie formy książki i/lub objętość (NP)
    • 186 stron, 21 stron tablic :
    • b
    • Oznaczenie ilustracji (NP)
    • ilustracje kolorowe ;
    • c
    • Format (NP)
    • 20 cm.
336 -Typ zawartości [ , ]
    • a
    • Termin opisujący typ zawartości
    • Tekst
    • b
    • Kod określający zawartość
    • txt
    • 2
    • Źródło (terminu i kodu)
    • rdacontent
337 -Typ mediów [ , ]
    • a
    • Tryb odtwarzania
    • Bez urządzenia pośredniczącego
    • b
    • Kod typu mediów
    • n
    • 2
    • Źródło (terminu i kodu)
    • rdamedia
338 -Typ/rodzaj nośnika [ , ]
    • a
    • Hasło opisujące typ nośnika
    • Wolumin
    • b
    • Kod typu nośnika
    • nc
    • 2
    • Źródło (terminu i kodu)
    • rdacarrier
490 -Strefa serii i książki wielotomowej - forma nie do wyszukiwania [1, ]
    • a
    • Tytuł (P)
    • Pascal Bajk Find
830 -Hasło dodatkowe serii i opisu książki wielotomowej - tytuł ujednolicony/tytuł [ ,0]
    • a
    • Tytuł ujednolicony/tytuł (NP)
    • Pascal Bajk
    • 9
    • KHW
    • 469547
650 -Hasło przedmiotowe [ ,7]
    • a
    • Hasło przedmiotowe
    • Rowerzyści
    • v
    • Określnik formalny
    • wydawnictwa popularne.
    • 2
    • Źródło terminu
    • kaba
    • 9
    • KHW
    • 471822
650 -Hasło przedmiotowe [ ,7]
    • a
    • Hasło przedmiotowe
    • Dzieci
    • x
    • Określnik rzeczowy
    • rekreacja
    • v
    • Określnik formalny
    • poradniki.
    • 2
    • Źródło terminu
    • kaba
    • 9
    • KHW
    • 376304
650 -Hasło przedmiotowe [ ,7]
    • a
    • Hasło przedmiotowe
    • Dzieci
    • x
    • Określnik rzeczowy
    • podróże
    • z
    • Określnik geograficzny
    • Polska
    • v
    • Określnik formalny
    • poradniki.
    • 2
    • Źródło terminu
    • kaba
    • 9
    • KHW
    • 471820
650 -Hasło przedmiotowe [ ,7]
    • a
    • Hasło przedmiotowe
    • Trasy rowerowe
    • z
    • Określnik geograficzny
    • Polska
    • v
    • Określnik formalny
    • poradniki.
    • 2
    • Źródło terminu
    • kaba
    • 9
    • KHW
    • 471819
650 -Hasło przedmiotowe [ ,7]
    • a
    • Hasło przedmiotowe
    • Bezpieczeństwo drogowe i dzieci
    • v
    • Określnik formalny
    • poradniki.
    • 2
    • Źródło terminu
    • kaba
    • 9
    • KHW
    • 471818
700 -Hasło dodatkowe - nazwa osobowa [1, ]
    • a
    • Nazwa osobowa (NP)
    • Kamm, Marek. Find
    • e
    • Określenie rodzaju współpracy
    • Autor
    • 9
    • KHW
    • 469541
700 -Hasło dodatkowe - nazwa osobowa [1, ]
    • a
    • Nazwa osobowa (NP)
    • Więch, Marek. Find
    • e
    • Określenie rodzaju współpracy
    • Autor
    • 9
    • KHW
    • 469542
700 -Hasło dodatkowe - nazwa osobowa [1, ]
    • a
    • Nazwa osobowa (NP)
    • Pytel, Bartłomiej. Find
    • e
    • Określenie rodzaju współpracy
    • Autor
    • 9
    • KHW
    • 469540
700 -Hasło dodatkowe - nazwa osobowa [1, ]
    • a
    • Nazwa osobowa (NP)
    • Zygmańska, Barbara. Find
    • e
    • Określenie rodzaju współpracy
    • Autor
    • 9
    • KHW
    • 414255
700 -Hasło dodatkowe - nazwa osobowa [1, ]
    • a
    • Nazwa osobowa (NP)
    • Procajło, Tomasz Find
    • d
    • Daty biograficzne (NP)
    • (1978- ).
    • e
    • Określenie rodzaju współpracy
    • Autor
    • 9
    • KHW
    • 469539
700 -Hasło dodatkowe - nazwa osobowa [1, ]
    • a
    • Nazwa osobowa (NP)
    • Zakrzewska, Aldona Find
    • c
    • Dopowiedzenie inne niż daty biograficzne (NP)
    • (pedagogika).
    • e
    • Określenie rodzaju współpracy
    • Autor
    • 9
    • KHW
    • 404487
700 -Hasło dodatkowe - nazwa osobowa [1, ]
    • a
    • Nazwa osobowa (NP)
    • Kędracki, Miłosz Find
    • d
    • Daty biograficzne (NP)
    • (1969- ).
    • e
    • Określenie rodzaju współpracy
    • Autor
    • 9
    • KHW
    • 91651
700 -Hasło dodatkowe - nazwa osobowa [1, ]
    • a
    • Nazwa osobowa (NP)
    • Albrecht, Piotr Find
    • d
    • Daty biograficzne (NP)
    • (1949- ).
    • e
    • Określenie rodzaju współpracy
    • Autor
    • 9
    • KHW
    • 60267
700 -Hasło dodatkowe - nazwa osobowa [1, ]
    • a
    • Nazwa osobowa (NP)
    • Buczyński, Aleksander Find
    • d
    • Daty biograficzne (NP)
    • (1977- ).
    • e
    • Określenie rodzaju współpracy
    • Autor
    • 9
    • KHW
    • 91648
700 -Hasło dodatkowe - nazwa osobowa [1, ]
    • a
    • Nazwa osobowa (NP)
    • Pytel, Tomasz. Find
    • e
    • Określenie rodzaju współpracy
    • Autor
    • 9
    • KHW
    • 469544
700 -Hasło dodatkowe - nazwa osobowa [1, ]
    • a
    • Nazwa osobowa (NP)
    • Świecz, Marek. Find
    • e
    • Określenie rodzaju współpracy
    • Autor
    • 9
    • KHW
    • 469545
700 -Hasło dodatkowe - nazwa osobowa [1, ]
    • a
    • Nazwa osobowa (NP)
    • Buczek, Rafał Find
    • c
    • Dopowiedzenie inne niż daty biograficzne (NP)
    • (turystyka).
    • e
    • Określenie rodzaju współpracy
    • Autor
    • 9
    • KHW
    • 469546
710 -Hasło dodatkowe - nazwa ciała zbiorowego [2, ]
    • a
    • Nazwa ciała zbiorowego lub nazwa geograficzna jako pierwszy element (NP)
    • Wydawnictwo Pascal.
    • e
    • Rodzaj współpracy
    • Wydawca
    • 4
    • Kod relacji
    • pbl
    • 9
    • KHW
    • 78282
920 -ISBN [ , ]
    • a
    • ISBN
    • 978-83-7642-982-3 Find
Numer inwentarzowy Data inwentaryzacji Status udost. Sygnatura Lokalizacja
WF.102762018-10-301Turystyka kwalifikowana 17BM